ARRUPE JESUIT UNIVERSITY

CORONAVIRUS -STOP THE SPREAD - CLEAN,DISINFECT,COVER

Inventing human rights : (Record no. 129615)

MARC details
000 -LEADER
fixed length control field 01619cam a2200325 a 4500
001 - CONTROL NUMBER
control field 14516131
003 - CONTROL NUMBER IDENTIFIER
control field ARRUPE
005 - DATE AND TIME OF LATEST TRANSACTION
control field 20190521114116.0
008 - FIXED-LENGTH DATA ELEMENTS--GENERAL INFORMATION
fixed length control field 060824s2007 nyua b 001 0 eng
010 ## - LIBRARY OF CONGRESS CONTROL NUMBER
LC control number 2006027599
020 ## - INTERNATIONAL STANDARD BOOK NUMBER
International Standard Book Number 9780393060959 (hardcover)
020 ## - INTERNATIONAL STANDARD BOOK NUMBER
International Standard Book Number 0393060950 (hardcover)
035 ## - SYSTEM CONTROL NUMBER
System control number (OCoLC)ocm71243832
035 ## - SYSTEM CONTROL NUMBER
System control number (OCoLC)71243832
040 ## - CATALOGING SOURCE
Original cataloging agency DLC
Transcribing agency DLC
Modifying agency YDX
-- BAKER
-- YDXCP
-- ZS3
-- NPL
-- BTCTA
-- VP@
-- DLC
050 00 - LIBRARY OF CONGRESS CALL NUMBER
Classification number JC585
Item number .H89 2007
082 00 - DEWEY DECIMAL CLASSIFICATION NUMBER
Classification number 323.09
Edition number 22
300 ## - PHYSICAL DESCRIPTION
Other physical details ill. ;
Dimensions 22 cm.
100 1# - MAIN ENTRY--PERSONAL NAME
Personal name Hunt, Lynn,
Dates associated with a name 1945-
9 (RLIN) 46434
245 10 - TITLE STATEMENT
Title Inventing human rights :
Remainder of title a history /
Statement of responsibility, etc Lynn Hunt.
250 ## - EDITION STATEMENT
Edition statement 1st ed.
260 ## - PUBLICATION, DISTRIBUTION, ETC. (IMPRINT)
Place of publication, distribution, etc New York :
Name of publisher, distributor, etc W.W. Norton & Co.,
Date of publication, distribution, etc c2007.
300 ## - PHYSICAL DESCRIPTION
Extent 272 p. :
504 ## - BIBLIOGRAPHY, ETC. NOTE
Bibliography, etc Includes bibliographical references (p. [230]-260) and index.
505 0# - FORMATTED CONTENTS NOTE
Formatted contents note "Torrents of emotion" : reading novels and imagining equality -- "Bone of their bone" : abolishing torture -- "They have set a great example" : declaring rights -- "There will be no end of it" : the consequences of declaring -- "The soft power of humanity" : why human rights failed, only to succeed in the long run.
650 #0 - SUBJECT ADDED ENTRY--TOPICAL TERM
Topical term or geographic name as entry element Human rights
General subdivision History.
9 (RLIN) 46435
650 #0 - SUBJECT ADDED ENTRY--TOPICAL TERM
Topical term or geographic name as entry element Human rights in literature.
9 (RLIN) 46436
650 #0 - SUBJECT ADDED ENTRY--TOPICAL TERM
Topical term or geographic name as entry element Torture
General subdivision History.
9 (RLIN) 46437
856 41 - ELECTRONIC LOCATION AND ACCESS
Materials specified Table of contents only
Uniform Resource Identifier <a href="http://www.loc.gov/catdir/toc/ecip0620/2006027599.html">http://www.loc.gov/catdir/toc/ecip0620/2006027599.html</a>
906 ## - LOCAL DATA ELEMENT F, LDF (RLIN)
a 7
b cbc
c orignew
d 1
e ecip
f 20
g y-gencatlg
942 ## - ADDED ENTRY ELEMENTS (KOHA)
Source of classification or shelving scheme Library of Congress Classification
Koha item type Monograph ( Printed materials)
Holdings
Withdrawn status Lost status Source of classification or shelving scheme Damaged status Not for loan Collection code Home library Current library Shelving location Date acquired Total Checkouts Full call number Barcode Date last seen Price effective from Koha item type
    Library of Congress Classification     Main Collection ARRUPE LIBRARY ARRUPE LIBRARY Main Collection 21/05/2019   JC585 .H89 2007 46600004813 21/05/2019 21/05/2019 Monograph ( Printed materials)

 

Arrupe Library. PO Box MP320 Mt Pleasant, Harare, Zimbabwe
263 242 745411|librarian@aju.ac.zw